Debate historico : refutacion a las comprobaciones historicas sobre belgrano. tomo 3 /
Guardado en:
| Autor Principal: | |
|---|---|
| Formato: | Libro |
| Publicado: |
Buenos Aires :
La Facultad,
1916
|
| Series: | Bibliteca Argentina, 16-17-18
|
| Materias: | |
| Etiquetas: |
Agregar Etiqueta
Sin Etiquetas, Sea el primero en etiquetar este registro!
|
| LEADER | 00580nam a22001575a 4500 | ||
|---|---|---|---|
| 001 | EHU.bham014396 | ||
| 003 | AR-BHAM | ||
| 005 | 20100312162232.0 | ||
| 008 | 130507s1916##################000#0#####d | ||
| 082 | 9 | 8 | |a 982.03 |
| 100 | 1 | |a Lopez, Vicente F. | |
| 245 | 1 | 0 | |a Debate historico : |b refutacion a las comprobaciones historicas sobre belgrano. tomo 3 / |c Vicente F. Lopez |
| 260 | |a Buenos Aires : |b La Facultad, |c 1916 | ||
| 490 | 0 | |a Bibliteca Argentina, 16-17-18 | |
| 653 | |a Historia de argentina-1810-1829 [indepen | ||
| 859 | |a AR-BHAM |b BIB. HUMANIDADES - General |h 982.03 |i L881-1 |p 365.92 |t Ej.1 |v III |3 III | ||
